| 000 | 00862nam a22001697a 4500 | ||
|---|---|---|---|
| 999 |
_c62145 _d62145 |
||
| 005 | 20240723124503.0 | ||
| 008 | 240723s2006 ge ||||| |||| 00| 0 ger d | ||
| 020 | _a9783476018649 X | ||
| 080 | _a821.112.2 A-93 | ||
| 100 |
_a Aust, Hugo _dAuthor _922907 |
||
| 245 |
_aRealismus : _bLehrbuch Germanistik / _cHugo Aust |
||
| 264 |
_aStuttgart: _b Verlag, Metzler, _c2006. |
||
| 300 |
_a xi, 356 pages ; _b23 cm. |
||
| 653 | _a 1800-1899 Criticism, interpretation, etc Deutsch German literature German literature 19th century History and criticism Geschichte 1850-1900 Literatur Literatura alemanya S. XIX Història i crítica Littérature allemande 19e siècle Histoire et critique Realism in literature Realisme en la literatura Realismus Réalisme dans la littérature | ||
| 653 | _aგერმანული ლიტერატურა | ||
| 942 |
_2udc _cBK |
||